The King of Fighters 2002 - Unlimited Match (Characters) - Statistics

General Stats
  • This quiz has been taken 123 times
  • The average score is 43 of 59
Answer Stats
Character % Correct
K'
98%
Iori Yagami
92%
Athena Asamiya
89%
Kula Diamond
89%
Mai Shiranui
89%
Terry Bogard
88%
Benimaru Nikaido
86%
Joe Higashi
86%
Leona Heidern
86%
Ryo Sakazaki
86%
Kim Kaphwan
84%
Andy Bogard
83%
Chris
83%
Kyo Kusanagi
83%
Omega Rugal
83%
Goro Daimon
81%
Mature
81%
Vice
81%
Whip
81%
Yuri Sakazaki
81%
Angel
80%
Chang Koehan
80%
Choi Bounge
80%
Geese Howard
80%
Maxima
80%
Robert Garcia
80%
Clark Still
78%
King
78%
Ralf Jones
77%
Billy Kane
75%
Chin Gentsai
73%
Shermie
73%
Blue Mary
72%
Ryuji Yamazaki
72%
Sie Kensou
72%
Vanessa
72%
Heidern
70%
Yashiro Nanakase
70%
Ramon
69%
Kusanagi
67%
Kyo-2
67%
Zero
67%
Kyo-1
66%
Bao
64%
Igniz
64%
Krizalid
64%
Takuma Sakazaki
64%
Goenitz
63%
Shingo Yabuki
63%
Nameless
61%
Seth
61%
Kasumi Todoh
59%
Foxy
58%
Jhun Hoon
55%
Lin
53%
May Lee
53%
Clone Zero
50%
Hinako Shijo
48%
Li Xiangfei
45%
No matching quizzes found
Score Distribution
Percent of People with Each Score
Percentile by Number Answered
Your Score History
You have not taken this quiz